000 00500nam a2200157 4500
001 137501
003 ES-MaACL
005 20250820063043.0
007 t|
008 070214s1923 ne r ||||1| fre d
100 1 _aSánchez de Bustamante y Sirvén, Antonio,
_d1865-1951
_9102572
245 1 3 _aLa court permanente de justice internationale /
_cAntonio Sánchez de Bustamante y Sirvén.
260 _aLa Haye :
_bNijhoff,
_c1923.
852 _aES-MaACL
_j1655-F-4
999 _c137501
_d137501